000 00642nam a2200229Ia 4500
003 OSt
005 20220924121836.0
006 a|||||r|||| 00| 0
007 ta
008 220923b |||||||| |||| 00| 0 urd d
024 _a257827
037 _cTextual
040 _aARTS
_cARTS
_burd
041 _2urd
_aurd
082 _aO168,1L97:g, P3
100 _aAkbar Haider Kashmiri
_9187472
245 0 _aGhalibiyat ke chand faramosh shudah goshe
260 _aKashmir
_bHaidari India
_c2003
650 _aURDU POETRY
942 _hO168,1L97:g, P3
_cTEXL
_2CC
999 _c409258
_d409258